Japan and Hong Kong on

This book introdce about Japan on

Uloženo v:
Podrobná bibliografie
Hlavní autor: Wilcock, John
Médium: Kniha
Jazyk:Undetermined
Vydáno: Tokyo Arthur frommer 1972
Témata:
Tagy: Přidat tag
Žádné tagy, Buďte první, kdo otaguje tento záznam!
Thư viện lưu trữ: Trung tâm Học liệu Trường Đại học Cần Thơ
LEADER 00714nam a2200205Ia 4500
001 CTU_231827
008 210402s9999 xx 000 0 und d
082 |a 915.52 
082 |b W667 
100 |a Wilcock, John 
245 0 |a Japan and Hong Kong on   |1 0 a day : 
245 0 |c John Wilcock 
260 |a Tokyo 
260 |b Arthur frommer 
260 |c 1972 
520 |a This book introdce about Japan on   |1 0 a day, getting there, Tokyo orientation and hotels, inexpensive meals, daytim in Tokyo. The low-cost nightlife of Tokyo. 
650 |a Nhật bản,Japan 
650 |x Dụ hành và mô tả,Description and travel 
910 |b dqhieu 
980 |a Trung tâm Học liệu Trường Đại học Cần Thơ